| 000 | 00423nam a2200157Ia 4500 | ||
|---|---|---|---|
| 003 | GCL | ||
| 008 | 140319s9999 xx 000 0 eng d | ||
| 040 |
_aGCL / _cGCL |
||
| 082 | 0 | 4 |
_a516.36 _bC D |
| 100 | 1 | _aCONLON, LAWRENCE | |
| 245 | 1 | 0 |
_aDIFFERENTIABLE MANIFOLDS: A FIRST COURSE / _cCONLON, LAWRENCE |
| 260 |
_a[S.N] : _bBIRKHASER ، _c1993 |
||
| 300 | _a395 P | ||
| 650 | 0 | 4 | _aDIFFERNTIABLE MANIFOLDS |
| 942 |
_2ddc _cBK |
||
| 999 |
_c23514 _d23514 |
||